000 00508nam a2200169 i 4500
001 50025
003 ES-MaACL
005 20230906162114.0
007 t|
008 030728s1968 sp ||||1| spa d
100 1 _aCrick, Bernard.
_941613
245 1 0 _aEn defensa de la política /
_cBernard Crick ; traducción de Juan Martín Ruiz-Werner.
260 _a[Madrid] :
_bTaurus,
_c[1968]
300 _a248 p. ;
_c21 cm.
700 1 _aMartín Ruiz-Werner, Juan.
_977640
852 _aES-MaACL
_jC-35011
_bR.67817
999 _c50025
_d50025